Kafka en primera persona: diarios de vida
Zapisane w:
| 1. autor: | |
|---|---|
| Format: | Książka |
| Język: | hiszpański |
| Wydane: |
Santiago
LOM
2010
|
| Wydanie: | 1a. ed |
| Seria: | Colección Memorias
|
| Hasła przedmiotowe: | |
| Etykiety: |
Dodaj etykietę
Nie ma etykietki, Dołącz pierwszą etykiete!
|
MARC
| LEADER | 00000nam a2200000 a 4500 | ||
|---|---|---|---|
| 001 | UCG2937 | ||
| 003 | CL-VaPUC | ||
| 008 | 100805e20100000CL |||||||||||||||||spa|d | ||
| 020 | |a 9789560001436 | ||
| 082 | 0 | 4 | |a 890 |b KAF |2 21 |
| 100 | |a Kafka, Franz |e author |9 266293 | ||
| 245 | 1 | 0 | |a Kafka en primera persona: diarios de vida |
| 250 | |a 1a. ed | ||
| 300 | |a 144 p | ||
| 942 | |c BK | ||
| 945 | |d 20100805 00:00:00 |a cmena | ||
| 260 | |a Santiago |b LOM |c 2010 | ||
| 650 | 0 | |a Autobiografías |9 265171 | |
| 650 | 0 | |a Literatura checoslovaca |9 349966 | |
| 583 | |a last modification |c 20100805 00:00:00 |k Rodrigo Vera | ||
| 490 | 0 | |a Colección Memorias | |
| 999 | |c 342039 |d 342037 | ||
| 952 | |0 0 |1 0 |4 0 |6 890_000000000000000_KAF_2010 |7 0 |8 C |9 437985 |a BIBCUR |b BIBCUR |d 2019-11-22 |i 4680391 |o 890 KAF 2010 |p 4680391 |r 2025-04-22 |w 2019-11-22 |y BK |k CAC | ||
| 952 | |0 0 |1 0 |4 0 |6 890_000000000000000_KAF_2010 |7 0 |8 C |9 437986 |a BIBCUR |b BIBCUR |d 2019-11-22 |i 4718178 |l 1 |o 890 KAF 2010 |p 4718178 |r 2025-04-22 |s 2023-10-06 |w 2019-11-22 |y BK |k CAC | ||